Batman Characters by Identity - Statistics

General Stats
  • This quiz has been taken 137 times
  • The average score is 31 of 44
Answer Stats
Real Name Alias % Correct
Bruce Wayne Batman
100%
Dick Grayson Nightwing
100%
Jason Todd Red Hood
100%
Tim Drake Red Robin
100%
Damian Wayne Robin
100%
Stephanie Brown Spoiler
100%
Barbara Gordon Batgirl
97%
Selina Kyle Catwoman
95%
Harleen Quinzel Harley Quinn
94%
Unknown, first name possibly "Jack" Joker
93%
Oswald Cobblepot Penguin
93%
Cassandra Cain Orphan
92%
Pamela Isley Poison Ivy
92%
Eddie Nashton (a.k.a Edward Nigma) Riddler
92%
Harvey Dent Two-Face
92%
Victor Fries Mr. Freeze
89%
Jonathan Crane Scarecrow
89%
Slade Wilson Deathstroke
82%
Kate Kane Batwoman
80%
Waylon Jones Killer Croc
79%
"The Demon's Head" Ra's al Ghul
78%
Floyd Lawton Deadshot
77%
Roman Sionis Black Mask
75%
Basil Karlo Clayface
75%
Unknown, from Santa Prisca Bane
74%
Thomas Elliot Hush
70%
Jervis Tetch Mad Hatter
70%
Kirk Langstrom Man-Bat
70%
Julian Gregory Day Calendar Man
62%
Garfield Lynns Firefly
61%
Jean-Paul Valley Azrael
58%
Last name is his alias, first name is Victor Zsasz
57%
Lazlo Valentin Professor Pyg
52%
Luke Fox Batwing
50%
Sandra Wu-San (often spelled Woosan in the past) Lady Shiva
45%
Cyrus Gold Solomon Grundy
40%
Duke Thomas The Signal
40%
Joseph Blackfire Deacon Blackfire
32%
Lonnie Machin Anarky
29%
Lester Buchinsky Electrocutioner
28%
Anatoli Knyazev KGBeast
26%
Alberto Falcone, Harvey Dent, Gilda Dent Holiday
19%
Thomas Wayne (also Simon Hurt or Mangrove Pierce) Doctor Hurt
14%
Unknown, aliases include John Porter or Matt Dell Prometheus
11%
No matching quizzes found
Score Distribution
Percent of People with Each Score
Percentile by Number Answered
Your Score History
You have not taken this quiz